Проблемы преподавания дисциплины "Профессиональная подготовка на английском языке" студентам магистратуры; Профессиональная подготовка студентов технического вуза на иностранном языке: эксклюзивные компетенции преподавателя

Bibliographische Detailangaben
Parent link:Профессиональная подготовка студентов технического вуза на иностранном языке: эксклюзивные компетенции преподавателя.— 2017.— [С. 68-70]
1. Verfasser: Хворова И. А. Ирина Александровна
Körperschaft: Национальный исследовательский Томский политехнический университет (ТПУ) Институт физики высоких технологий (ИФВТ) Кафедра материаловедения и технологии металлов (МТМ)
Zusammenfassung:Заглавие с титульного экрана
Проанализирован опыт преподавания дисциплины "Профессиональная подготовка на английском языке" магистрантам первого года обучения. Сделаны выводы о положительных и отрицательных особенностях работы с магистрантами, сформулированы проблемы, возникающие при их обучении.
Sprache:Russisch
Veröffentlicht: 2017
Schriftenreihe:Современные педагогические технологии в реализации профессиональной подготовки на иностранном языке
Schlagworte:
Online-Zugang:http://earchive.tpu.ru/handle/11683/43890
Format: Elektronisch Buchkapitel
KOHA link:https://koha.lib.tpu.ru/cgi-bin/koha/opac-detail.pl?biblionumber=624195

MARC

LEADER 00000naa2a2200000 4500
001 624195
005 20231216184102.0
035 |a (RuTPU)RU\TPU\conf\23408 
035 |a RU\TPU\conf\23407 
090 |a 624195 
100 |a 20171102d2017 k y0rusy50 ca 
101 0 |a rus 
102 |a RU 
105 |a y z 101zy 
135 |a drcn ---uucaa 
181 0 |a i  
182 0 |a b 
200 1 |a Проблемы преподавания дисциплины "Профессиональная подготовка на английском языке" студентам магистратуры  |f И. А. Хворова 
203 |a Текст  |c электронный 
225 1 |a Современные педагогические технологии в реализации профессиональной подготовки на иностранном языке 
300 |a Заглавие с титульного экрана 
320 |a [Библиогр.: с. 70 (2 назв.)] 
330 |a Проанализирован опыт преподавания дисциплины "Профессиональная подготовка на английском языке" магистрантам первого года обучения. Сделаны выводы о положительных и отрицательных особенностях работы с магистрантами, сформулированы проблемы, возникающие при их обучении. 
463 1 |0 (RuTPU)RU\TPU\conf\23363  |t Профессиональная подготовка студентов технического вуза на иностранном языке: эксклюзивные компетенции преподавателя  |o сборник материалов Всероссийской научной конференции, 20-22 апреля 2017 г., Томск  |f Национальный исследовательский Томский политехнический университет (ТПУ), Институт развития стратегического партнерства и компетенций (ИСПК) ; под ред. И. В. Слесаренко [и др.]  |v [С. 68-70]  |d 2017 
610 1 |a труды учёных ТПУ 
610 1 |a электронные ресурсы 
610 1 |a профессиональная подготовка 
610 1 |a английский язык 
610 1 |a магистратура 
610 1 |a уровень образования 
610 1 |a обучение 
700 1 |a Хворова  |b И. А.  |c специалист в области материаловедения  |c старший преподаватель Томского политехнического университета  |f 1954-  |g Ирина Александровна  |3 (RuTPU)RU\TPU\pers\26641  |9 12299 
712 0 2 |a Национальный исследовательский Томский политехнический университет (ТПУ)  |b Институт физики высоких технологий (ИФВТ)  |b Кафедра материаловедения и технологии металлов (МТМ)  |3 (RuTPU)RU\TPU\col\18689 
801 2 |a RU  |b 63413507  |c 20171110  |g RCR 
856 4 |u http://earchive.tpu.ru/handle/11683/43890 
942 |c BK